000 02124nam0a2200349 4500
001 RU\NLR\BIBL_A\022503344
005 20250804154916.0
010 _a978-5-8295-0894-4
_9100
021 _aRU
_bКН-П-25-004464
_9КН-П-25-0428
035 _a(NLR Aleph) 022503344
090 _a13460955
_c13460955
100 _a20250326d2024 u y0rusy50 ca
101 0 _arus
102 _aRU
105 _aa j 000yy
181 0 _ai
_baxxe
182 0 _an
200 1 _aТехнико-экономические основы электроэнергетики для менеджеров
_eучебное пособие
_eдля студентов вуза, обучающихся по направлению подготовки 38.04.02 "Менеджмент"
_fЛ. Д. Гительман, Л. А. Адам, М. В. Кожевников [и др.]
_gМинистерство науки и высшего образования Российской Федерации, Уральский федеральный университет имени первого Президента России Б. Н. Ельцина
203 _aТекст
_bвизуальный
_cнепосредственный
210 _aЕкатеринбург
_cИзд-во УМЦ УПИ
_d2024
215 _a101 с.
_cил., табл.
_d21
225 1 _aБиблиотека менеджера энергетического бизнеса
320 _aБиблиогр.: с. 97–101 (65 назв.)
606 1 _aЭлектроэнергетика
_xЭкономика
_jУчебные издания для высших учебных заведений
_2nlr_sh2
_3RU\NLR\AUTH\6601666918
686 1 _aУ30(0)57я73
701 1 _aГительман
_bЛ. Д.
_gЛеонид Давидович
701 1 _aАдам
_bЛ. А.
_gЛеонид Абрамович
701 1 _aКожевников
_bМ. В.
_cд-р экон. наук, электроэнергетика
_gМихаил Викторович
_3RU\NLR\AUTH\770258149
942 _cBOOK
980 _aNB